| 000 | 00933nam a22002055i 4500 | ||
|---|---|---|---|
| 001 | 165476 | ||
| 003 | ES-MaACL | ||
| 005 | 20250902100243.0 | ||
| 008 | 020403s1882 sp |||| | spa d | ||
| 080 | _a061.235(460.27 M.).055.5 | ||
| 110 | 2 |
_aReal Sociedad Económica Matritense de Amigos del País. _96389 |
|
| 245 | 1 | 0 |
_aResumen de sus actas y tareas en 1881 / _cpor su secretario primero Luis María de Tro y Moxó . _bListas de sres. socios en 15 de mayo de 1882 y de las juntas de las demás sociedades económicas de España. |
| 260 |
_aMadrid : _b[s.n.], _c1882 ( _fImp. de M. Romero) |
||
| 300 |
_a100 p. ; _c22 cm. |
||
| 594 | _aPrecede al tít.: Sociedad Económica Matritense. | ||
| 610 | 2 | 7 |
_aReal Sociedad Económica Matritense de Amigos del País- _vMemorias _2 _9145026 |
| 700 | 1 |
_aTro y Moxó, Luis María de. _9111470 |
|
| 852 | 4 |
_aES-MaACL _jT-354-F-8 _z- Enc. en un vol. facticio |
|
| 999 |
_c165476 _d165476 |
||